Estadísticas para Ciudades Europeas con las Economías más Grandes

Haz click aquí para intentar la prueba.

Estadísticas generales

  • Esta prueba ha sido intentada 230 veces
  • La puntuación promedio es 17 de 21

Estadísticas de respuestas

PIB (mil millones)Ciudad% Correcto
$836Londres
99%
$262Madrid
99%
$715París
99%
$171Barcelona
97%
$163Roma
96%
$553Moscú
95%
$158Berlín
93%
$312Milán
93%
$321Ámsterdam / Róterdam
88%
$143Estocolmo
86%
$130Atenas
85%
$254Bruselas
84%
$220Múnich
84%
$184Viena / Bratislava
80%
$141Varsovia
78%
$230Fráncfort
71%
$127Copenhague / Malmo
66%
$219Estambul
61%
$161Hamburgo
61%
$121Birmingham
44%
$158Stuttgart
18%

Distribución de puntuación

Porcentaje por número respondido

Porcentaje de gente con cada puntuación

Historial de tus puntuaciones

No has intentado esta prueba.